| 000 | 00342nam a22001217a 4500 | ||
|---|---|---|---|
| 999 |
_c529872 _d529872 |
||
| 008 | 250513b ||||| |||| 00| 0 eng d | ||
| 100 |
_aGupta, Krishna kumar _952995 |
||
| 245 | _aUnion budget 2025-26: Some reflections | ||
| 260 | _aThe Cooperative | ||
| 300 | _a62(8), Feb, 2025: p.15-19 | ||
| 773 | _aThe Cooperative | ||
| 942 | _cAR | ||